000 00271nam a22001097a 4500
008 240531b |||||||| |||| 00| 0 eng d
100 _aGogia, Jwiat
_915062
245 _aNinty-Nine Short Stories
260 _aBombay:
_bGndo gudu Pub
_c1968.
300 _a99p.
942 _cBK
999 _c39437
_d39437